Không gian sân khấu & nghệ sĩ

Uloženo v:
Podrobná bibliografie
Hlavní autor: Nguyễn, Thị Hợp
Médium: Kniha
Jazyk:Undetermined
Vydáno: Tp. HCM Sân Khấu 2004
Témata:
Tagy: Přidat tag
Žádné tagy, Buďte první, kdo otaguje tento záznam!
Thư viện lưu trữ: Trung tâm Học liệu Trường Đại học Cần Thơ
LEADER 00538nam a2200193Ia 4500
001 CTU_130867
008 210402s9999 xx 000 0 und d
082 |a 792.0291 
082 |b H466 
100 |a Nguyễn, Thị Hợp 
245 0 |a Không gian sân khấu & nghệ sĩ 
245 0 |c Nguyễn Thị Hợp 
260 |a Tp. HCM 
260 |b Sân Khấu 
260 |c 2004 
650 |a Theaters,Performance arts 
650 |z Viet Nam 
904 |i Minh 
980 |a Trung tâm Học liệu Trường Đại học Cần Thơ